000 00305nam a22001457a 4500
008 221109b ||||| |||| 00| 0 eng d
020 _a2900803283809
041 _aeng
080 _a94
082 _a94 NES
100 _a28
101 _aHIS
245 _aTHE WALLEYE WAR
_cNESPER L
942 _2udc
_cBK
999 _c58828
_d58828